000 00804nam a2200277 a 4500
008
020 _a9780123884381 (hardback)
040 _aNUST
_cNUST
049 _aMAIN
090 _aTP548
_bENO
245 1 0 _aEnological Chemistry /
_cedited by Moreno Juan and Peinado Rafael
260 _aUnited Kingdom :
_bElsevier,
_c2012
300 _axi, 429 pages :
_billustrations ;
_c26 cm
336 _atext
_btxt
_2rdacontent
337 _aunmediated
_bn
_2rdamedia
338 _avolume
_bnc
_2rdacarrier
500 _aIncludes index
650 1 _aGrape Acids
650 _aAging
700 _aMoreno Juan
700 _aPeinado Rafael
907 _a.b10404314
_b09-06-21
_c09-06-21
003
005 20230123141201.0
942 _cBOOKS
_kTP548
_mENO
999 _c169123
_d169123